000 00436nam a2200181Ia 4500
001 16072
005 20260306170242.0
008 260306t2011||||xx |||||||||||||| ||und||
041 _aESP
082 _a346.6
_bG74
100 _aGordley, James
_eAUT
245 4 _aThe philosophical origins of modern contract
260 _c2011
300 _a263 páginas :
_c21 cm.
650 _aGEN
654 _aCDE
942 _cLIB
_dJUS
_fJUS
_2ddc
_n
999 _c16072
_d16072